[Event "FRA-ch op-D"]
[Site "Aix les Bains"]
[Date "2007.08.19"]
[Round "6"]
[White "Bergmann, Delphine"]
[Black "Cureau, Christian"]
[Result "1/2-1/2"]
[WhiteElo "1440"]
[BlackElo "1320"]
[PlyCount "82"]
[EventDate "2007.08.13"]
[EventType "swiss"]
[EventRounds "11"]
[EventCountry "FRA"]
[SourceTitle "CBM 120 Extra"]
[Source "ChessBase"]
[SourceDate "2007.11.01"]
[SourceVersion "1"]
[SourceVersionDate "2007.11.01"]
[SourceQuality "1"]

1. e4 e5 2. Nf3 Nf6 3. Nxe5 d6 4. Nf3 Nxe4 5. d4 d5 6. h3 Nc6 7. Bd3 Bf5 8. 0-0 Be7 9. Re1 0-0 10. Nbd2 Nxd2 11. Bxf5 Nxf3+ 12. gxf3 Re8 13. Bf4 Bf6 14. c3 Ne7 15. Bd3 Qd7 16. Kh2 c6 17. Rg1 Nf5 18. Qc2 Nh4 19. Rg3 g6 20. Bh6 Qd6 21. f4 Bg7 22. Bxg7 Kxg7 23. Rg4 Nf3+ 24. Kh1 h5 25. Rg3 Qxf4 26. Be2 Qd2 27. Qxd2 Nxd2 28. Bd3 Re7 29. Re3 Rxe3 30. fxe3 Re8 31. Re1 Nf3 32. Re2 Kh6 33. Kg2 Ng5 34. Kg3 f5 35. h4 Ne6 36. c4 Nc7 37. Kf3 dxc4 38. Bxc4 Re4 39. Kg3 Nd5 40. Kf3 Rxh4 41. Bxd5 cxd5 1/2-1/2